[Event "TUR-chT2"]
[Site "Konya"]
[Date "2018.07.12"]
[Round "5.9"]
[White "Gokce, Mevlut Kutsot"]
[Black "Hayretci, Burhan"]
[Result "1-0"]
[WhiteElo "1715"]
[BlackElo "1239"]
[PlyCount "103"]
[EventDate "2018.07.10"]
[EventType "team-swiss"]
[EventRounds "9"]
[EventCountry "TUR"]
[SourceTitle "EXT 2019"]
[Source "ChessBase"]
[SourceDate "2018.10.10"]
[SourceVersion "1"]
[SourceVersionDate "2018.10.10"]
[SourceQuality "1"]
[WhiteTeam "Pamukkale Yonetimi"]
[BlackTeam "Antalya Cankaya Univ"]
[WhiteTeamCountry "TUR"]
[BlackTeamCountry "TUR"]

1. e4 e5 2. Nf3 Nc6 3. Bc4 Nf6 4. d3 Bc5 5. c3 d6 6. b4 Bb6 7. a4 a5 8. b5 Nb8 9. 0-0 Bg4 10. Nbd2 0-0 11. h3 Be6 12. Bxe6 fxe6 13. Nc4 Nbd7 14. Nxb6 Nxb6 15. Qb3 Qe7 16. Ba3 Nh5 17. Nxe5 Rf6 18. Ng4 Rg6 19. Bc1 Rf8 20. Ra2 Qh4 21. Qd1 Nd7 22. Be3 Ndf6 23. Nxf6+ Rfxf6 24. Kh2 e5 25. Rg1 Nf4 26. Bxf4 Qxf4+ 27. g3 Qf3 28. Qxf3 Rxf3 29. Rd2 Rgf6 30. Kg2 Rf8 31. Re1 g6 32. Re3 R3f7 33. d4 Re8 34. dxe5 Rxe5 35. Rd5 Rfe7 36. Rd4 Kf7 37. f4 Rc5 38. Kf3 h6 39. g4 Kf6 40. c4 b6 41. Rc3 c6 42. Rxd6+ Re6 43. e5+ Ke7 44. Rxe6+ Kxe6 45. Ke4 cxb5 46. f5+ gxf5+ 47. gxf5+ Ke7 48. axb5 a4 49. Kd4 Rc8 50. Ra3 Rd8+ 51. Ke4 Ra8 52. Kd5 1-0